00490nam a22001337a 4500003000200000005001700002008004100019050002300060100003100083245013900114260007300253300001800326500001200344020231107133102.0231107b xxu||||| |||| 00| 0 eng d aBF 575b.Ac36 2023 aAcosta, Catherine Franz B. aPerceived stress and coping styles of deployed army personnel in armor pambato division of Philippine armycAcosta, Catherine Franz B. aLas Pinas CitybSouthville International School and Collegescc2023. a273 p.c28cm. aStress.